LEADER 01343nam a2200265 i 4500 001 000000142235 003 CaOOAMICUS 005 20050831000000.0 008 050831s1987 it u000 u ita u 013 $a117496 040 $aSeMil$bita 100 1 $aMacchione, Pietro.$0(OLS)http://semarc/name/12379 245 12$aL'oro e il ferro :$bstoria della Franco Tosi /$cPietro Macchione ; presentazione di Giulio Sapelli. 260 $aMilano :$bFranco Angeli,$ccopyr. 1987. 300 $a492 p., [16] p. di tav. ;$c23 cm. 490 0 $aStudi e ricerche storiche ;$v87 500 $aContiene : Indice dei nomi. - In allegato : Errata corrige ; Lettera della Federazione Impiegati Operai Metallurgici a Don Franco Fusetti. - In mezzo al front : Dedica autografa a Don Franco Fusetti. 650 4$aTosi Franco - Storia.$0(OLS)http://semarc/subject/24592 700 1 $aSapelli, Giulio <1947- >.$0(OLS)http://semarc/name/92494 830 0$aStudi e ricerche storiche ;$v87.$0(OLS)http://semarc/title/428402 850 $aSeMil 852 $aSeMil$W1$xVenegono$y1$m3M II 125$j95410$B95410$CSeMilBibl$Z2$F105794 $81 961 $aLascito: Fusetti don Franco 996 $6245$aL'oro e il ferro :$bstoria della Franco Tosi$9(OLS)http://semarc/title/207940 996 $6260$aMilano :$bFranco Angeli$9(OLS)http://semarc/publisher/30369 LEADER 01262nam a2200301 i 4500 001 000000064915 003 CaOOAMICUS 005 20100309000000.0 008 100309s1998 it u000 u ita u 013 $a36087 020 $a88-7972-261-1 040 $aSeMil$bita 100 1 $aGilbert, Adrian G.$0(OLS)http://semarc/name/32674 240 10$aMagi.$0(OLS)http://semarc/title/102944 245 12$aI re pellegrini :$bsulle tracce di una tradizione segreta /$cAdrian G. Gilbert ; traduzione di Lucia Corradini. 260 $aMilano :$bCorbaccio,$c1998. 300 $a383 p., [7] p. di tav. :$bill. ;$c22 cm. 490 0 $aProfezie 650 4$aRe Magi.$0(OLS)http://semarc/subject/8591 650 4$aEsoterismo.$0(OLS)http://semarc/subject/2181 700 1 $aCorradini, Lucia.$0(OLS)http://semarc/name/32675 830 0$aProfezie.$0(OLS)http://semarc/title/22894 850 $aSeMil 852 $aSeMil$W1$xVenegono$y1$m2X II 351$j31068$B31068$CSeMilBibl$Z2$F31071 $81 961 $aOmaggio: Donazione 996 $6020$a88-7972-261-1$9(OLS)http://semarc/number/42075 996 $6245$aI re pellegrini :$bsulle tracce di una tradizione segreta$9(OLS)http://semarc/title/102943 996 $6260$aMilano :$bCorbaccio$9(OLS)http://semarc/publisher/31394 LEADER 01946nam a2200373 i 4500 001 000000112464 003 CaOOAMICUS 005 20090716000000.0 008 090716s1991 it u000 u ita u 013 $a85148 020 $a88-209-1701-7 040 $aSeMil$bita 245 10$aLettera Orationis formas :$bai vescovi della Chiesa Cattolica su alcuni aspetti della meditazione cristiana, 15 ottobre 1989 /$cpresentazione Alberto Bovone ; introduzione Joseph Ratzinger ; commenti A. Sicari ... [et al.]. 260 $aCittą del Vaticano :$bLibreria Editrice Vaticana,$c1991. 300 $a115 p. ;$c21 cm. 490 0 $aDocumenti e studi ;$v13 500 $aIn testa al front. : Congregazione per la Dottrina della Fede. - Fondo Card. C.M. Martini. 650 4$aCristiani - Meditazione - Magistero.$0(OLS)http://semarc/subject/20239 700 1 $aSanta Sede : Sacra congregazione per la dottrina della fede.$0(OLS)http://semarc/name/3852 700 1 $aBovone, Alberto,$c.$0(OLS)http://semarc/name/46912 700 0 $aBenedictus XVI,$c.$0(OLS)http://semarc/name/298 700 1 $aSicari, Antonio Maria,$c.$0(OLS)http://semarc/name/7893 830 0$aDocumenti e studi ;$v13.$0(OLS)http://semarc/title/31856 850 $aSeMil 852 $aSeMil$W1$xVenegono$y1$m2A III 9$j68217$B68217$CSeMilBibl$Z2$F79694 $81 900 1 $aRatzinger, Joseph,$d<1927-2022>. 900 0 $aBenedetto XVI$c. 941 1 $a4 961 $aOmaggio: Martini Card. Carlo Maria 996 $6020$a88-209-1701-7$9(OLS)http://semarc/number/95054 996 $6245$aLettera Orationis formas :$bai vescovi della Chiesa Cattolica su alcuni aspetti della meditazione cristiana, 15 ottobre 1989$9(OLS)http://semarc/title/163975 996 $6260$aCittą del Vaticano :$bLibreria Editrice Vaticana$9(OLS)http://semarc/publisher/29734